Anàlisi de la problemàtica del dopatge / Sancho Barbod Viñas, José Antonio Montero Botanch
Descripción Física:
54 p. ; 24 cm
Otros Autores:
Montero Botanch, José Antonio
Materias:
Dopatge en els esports
MARC
| LEADER | 00000nam a2200000Ia 4500 | ||
|---|---|---|---|
| 001 | 14386 | ||
| 008 | 160829s2002 xx 000 0 cat d | ||
| 080 | |a P-1-38 | ||
| 100 | |a Barbod Viñas, Sancho |9 20435 | ||
| 245 | |a Anàlisi de la problemàtica del dopatge / Sancho Barbod Viñas, José Antonio Montero Botanch | ||
| 250 | |a Ed. no venal | ||
| 260 | |a [Barcelona] : |b Diputació de Barcelona, Xarxa de Municipis, Àrea d'Esports, |c 2002 | ||
| 300 | |a 54 p. ; |c 24 cm | ||
| 590 | |a Premi Literari Humanisme i Esport 2000. | ||
| 590 | |a Bibliografia | ||
| 650 | |a Dopatge en els esports |9 20436 | ||
| 700 | |a Montero Botanch, José Antonio |9 20437 | ||
| 710 | |a Barcelona (Catalunya : Província). |b Àrea d'Esports |9 53827 | ||
| 901 | |a Arxiu | ||
| 942 | |n 1 | ||
| 952 | |0 0 |1 0 |4 0 |6 P138 |7 1 |9 41530 |a Arxiu |b Arxiu |d 2016-12-01 |l 0 |o P-1-38 |p 14386 |r 2016-12-01 00:00:00 |w 2016-12-01 |y ARXIU | ||
| 999 | |c 43420 |d 43420 | ||